00505nam a2200193 a 4500001001300000003000900013005001700022008004100039020000900080082001300089100001900102245005200121260003700173300000800210500003500218505001700253650002200270700001900292nice12345678IN_TiNIC20260116012053.0050524s1966 lona grp 000 0 eng  ac3400a253bJEN aJenkins, David aParson at Workb Practical Points of Pastoralia aLondonbHodder & Stoughtonc1966 a95p aincludes index and biblioraphy2 aBibliography aPastoral Theology1 aJenkins, David